[Event "Campos do Jordao op"]
[Site "Campos do Jordao"]
[Date "2024.01.14"]
[Round "5"]
[White "Deus Filho, Joaquim"]
[Black "Marmilli, Matheus Bellentani"]
[Result "1-0"]
[WhiteElo "1848"]
[BlackElo "1409"]
[PlyCount "49"]
[EventDate "2024.01.12"]
[EventType "swiss"]
[EventRounds "5"]
[EventCountry "BRA"]
[SourceTitle "CB04_2024"]
[SourceDate "2023.10.16"]
[SourceVersion "1"]
[SourceVersionDate "2023.10.16"]
[SourceQuality "1"]

1. c4 Nf6 2. b3 e5 3. Bb2 d6 4. g3 Be6 5. Bg2 c6 6. d4 exd4 7. Qxd4 Nbd7 8. Nf3 Be7 9. Ng5 Qa5+ 10. Qd2 Qxd2+ 11. Nxd2 0-0 12. Nxe6 fxe6 13. Bh3 e5 14. Ba3 a6 15. Nf3 Rad8 16. Ng5 Rfe8 17. Be6+ Kf8 18. Bf7 h6 19. Bxe8 Rxe8 20. Nf3 Kg8 21. Rd1 Ne4 22. 0-0 Ndf6 23. Bb2 Rf8 24. Nh4 Nh5 25. Ng6 1-0

[Event "Osasco op"]
[Site "Osasco"]
[Date "2023.12.01"]
[Round "2"]
[White "Marmilli, Matheus Bellentani"]
[Black "Santos, Camila Marinho Godo"]
[Result "1-0"]
[WhiteElo "1416"]
[BlackElo "1551"]
[PlyCount "59"]
[EventDate "2023.12.01"]
[EventType "swiss"]
[EventRounds "6"]
[EventCountry "BRA"]
[SourceTitle "CB50_2023"]
[SourceDate "2023.12.13"]
[SourceVersion "1"]
[SourceVersionDate "2023.12.13"]
[SourceQuality "1"]

1. d4 Nf6 2. c4 e6 3. Nc3 Be7 4. e4 c6 5. Bd3 0-0 6. e5 Ne8 7. Qh5 g6 8. Qh3 d6 9. Bh6 Ng7 10. Nf3 dxe5 11. Ng5 Bxg5 12. Bxg5 Qxg5 13. Ne4 Qd8 14. dxe5 b5 15. Nf6+ Qxf6 16. exf6 Nh5 17. Qh4 Nd7 18. cxb5 c5 19. Be4 Ndxf6 20. Bxa8 e5 21. Qa4 Nf4 22. Qxa7 Nd3+ 23. Kf1 Ng4 24. b6 Ngxf2 25. b7 Bf5 26. Ke2 e4 27. b8Q Rxb8 28. Qxb8+ Kg7 29. Rhf1 c4 30. Rxf2 1-0

[Event "Jundiai op 4th"]
[Site "Jundiai"]
[Date "2023.07.23"]
[Round "5"]
[White "Marmilli, Matheus Bellentani"]
[Black "Carneiro, Ruan Souza"]
[Result "0-1"]
[WhiteElo "1420"]
[BlackElo "1506"]
[PlyCount "46"]
[EventDate "2023.07.21"]
[EventType "swiss"]
[EventRounds "5"]
[EventCountry "BRA"]
[SourceTitle "CBM 215 Extra"]
[Source "ChessBase"]
[SourceDate "2023.09.30"]
[SourceVersion "1"]
[SourceVersionDate "2023.09.30"]
[SourceQuality "1"]

1. d4 d5 2. c4 e6 3. Nf3 c6 4. e3 Nf6 5. Nc3 Bd6 6. Qc2 Nbd7 7. Bd3 b6 8. cxd5 exd5 9. 0-0 Bb7 10. Re1 0-0 11. e4 dxe4 12. Nxe4 Bb4 13. Nc3 c5 14. a3 cxd4 15. Nxd4 Bxc3 16. bxc3 Nc5 17. Be2 Rc8 18. Be3 Be4 19. Qd2 Qc7 20. Nb5 Qb8 21. Bxc5 Rxc5 22. Qe3 Re8 23. Bd3 Bc6 0-1

[Event "Jundiai op 4th"]
[Site "Jundiai"]
[Date "2023.07.22"]
[Round "3"]
[White "Marmilli, Matheus Bellentani"]
[Black "Bianchini, Marlon"]
[Result "1-0"]
[WhiteElo "1420"]
[BlackElo "1184"]
[PlyCount "79"]
[EventDate "2023.07.21"]
[EventType "swiss"]
[EventRounds "5"]
[EventCountry "BRA"]
[SourceTitle "CBM 215 Extra"]
[Source "ChessBase"]
[SourceDate "2023.09.30"]
[SourceVersion "1"]
[SourceVersionDate "2023.09.30"]
[SourceQuality "1"]

1. d4 Nf6 2. c4 g6 3. Nc3 d5 4. cxd5 Nxd5 5. e4 Nxc3 6. bxc3 Bg7 7. Bc4 c5 8. Ne2 Nc6 9. Be3 0-0 10. 0-0 Na5 11. Bd3 c4 12. Bc2 b5 13. Rb1 a6 14. f3 e6 15. Qd2 Bb7 16. Bh6 Qc7 17. Bxg7 Kxg7 18. e5 Rfd8 19. Qf4 Qe7 20. Be4 Bd5 21. Ng3 Nc6 22. Qg4 Kh8 23. Qh3 Rab8 24. Qh6 Qf8 25. Qg5 b4 26. Bxd5 exd5 27. Qf6+ Kg8 28. Qxc6 bxc3 29. Rxb8 Rxb8 30. Qxd5 c2 31. Qe4 Rb2 32. Rc1 Rxa2 33. Rxc2 Ra1+ 34. Kf2 Qb4 35. e6 fxe6 36. Qxe6+ Kg7 37. Re2 Qc3 38. Qe7+ Kh6 39. Qh4+ Kg7 40. Re7+ 1-0

[Event "Jundiai op 4th"]
[Site "Jundiai"]
[Date "2023.07.22"]
[Round "2"]
[White "Torres, Joao Pedro Silva"]
[Black "Marmilli, Matheus Bellentani"]
[Result "1-0"]
[WhiteElo "1803"]
[BlackElo "1420"]
[PlyCount "41"]
[EventDate "2023.07.21"]
[EventType "swiss"]
[EventRounds "5"]
[EventCountry "BRA"]
[SourceTitle "CBM 215 Extra"]
[Source "ChessBase"]
[SourceDate "2023.09.30"]
[SourceVersion "1"]
[SourceVersionDate "2023.09.30"]
[SourceQuality "1"]

1. d4 Nf6 2. Bf4 b6 3. e3 Bb7 4. Nf3 e6 5. Nbd2 Be7 6. Be2 0-0 7. h3 Qc8 8. c3 Na6 9. Qc2 c5 10. 0-0-0 cxd4 11. exd4 Qc6 12. Rhg1 Rac8 13. Ne5 Qd5 14. Bf3 Qxa2 15. Bxb7 Rxc3 16. Qxc3 Nb4 17. Qa3 Qxa3 18. bxa3 Nbd5 19. Nd3 Bxa3+ 20. Kc2 b5 21. Ra1 1-0

[Event "Jundiai op 4th"]
[Site "Jundiai"]
[Date "2023.07.21"]
[Round "1"]
[White "Marmilli, Matheus Bellentani"]
[Black "Pironti, Francisco Ferrari"]
[Result "0-1"]
[WhiteElo "1420"]
[BlackElo "1959"]
[PlyCount "42"]
[EventDate "2023.07.21"]
[EventType "swiss"]
[EventRounds "5"]
[EventCountry "BRA"]
[SourceTitle "CBM 215 Extra"]
[Source "ChessBase"]
[SourceDate "2023.09.30"]
[SourceVersion "1"]
[SourceVersionDate "2023.09.30"]
[SourceQuality "1"]

1. d4 d5 2. c4 dxc4 3. e3 e5 4. Bxc4 exd4 5. exd4 Nf6 6. Nf3 Bd6 7. 0-0 0-0 8. Nc3 h6 9. h3 Nc6 10. Be3 Bf5 11. Rc1 Qd7 12. Ne2 Rfe8 13. Qd2 Ne4 14. Qe1 Bxh3 15. d5 Ne5 16. Nxe5 Bxe5 17. f4 Qg4 18. Ng3 Bxb2 19. Be2 Qxg3 20. Qxg3 Nxg3 21. gxh3 Nxe2+ 0-1

[Event "Hebraica op 31st"]
[Site "Hebraica"]
[Date "2023.07.01"]
[Round "3"]
[White "Marmilli, Matheus Bellentani"]
[Black "Fonseca, Daniel Tiepo"]
[Result "1/2-1/2"]
[WhiteElo "1420"]
[BlackElo "1800"]
[PlyCount "118"]
[EventDate "2023.06.30"]
[EventType "swiss"]
[EventRounds "6"]
[EventCountry "BRA"]
[SourceTitle "CBM 215 Extra"]
[Source "ChessBase"]
[SourceDate "2023.09.30"]
[SourceVersion "1"]
[SourceVersionDate "2023.09.30"]
[SourceQuality "1"]

1. d4 d5 2. c4 c6 3. e3 Bf5 4. Nc3 e6 5. Nf3 Nd7 6. Be2 Rc8 7. Qb3 Qb6 8. Qxb6 Nxb6 9. cxd5 cxd5 10. Bb5+ Nd7 11. Bxd7+ Kxd7 12. Ne5+ Ke7 13. Bd2 f6 14. Nf3 Bd3 15. Rc1 Kf7 16. a3 Bd6 17. Na2 Ne7 18. Rxc8 Rxc8 19. Kd1 Bc2+ 20. Ke2 Bb3 21. Nc3 Bc4+ 22. Kd1 a5 23. e4 Bb3+ 24. Ke2 Bc4+ 25. Ke1 Bd3 26. e5 fxe5 27. dxe5 Bb8 28. Ng5+ Kg8 29. f4 Rc6 30. Nf3 Ba7 31. h4 Nf5 32. g4 Ng3 33. Rh2 b5 34. Rg2 Ne4 35. f5 b4 36. axb4 axb4 37. Nxe4 Bxe4 38. Rg3 exf5 39. gxf5 Bxf5 40. Ng5 Rh6 41. Nf3 Re6 42. Bxb4 Rb6 43. Bc3 Rb3 44. Rg5 Be4 45. Nd2 Rb8 46. Nxe4 dxe4 47. e6 Rb7 48. Rd5 Kf8 49. Rf5+ Ke8 50. Rg5 g6 51. Bf6 Bb8 52. Rd5 Bc7 53. h5 Rb6 54. hxg6 hxg6 55. Rg5 Rxe6 56. Rxg6 Kf7 57. Rg7+ Kxf6 58. Rxc7 Rb6 59. Rc2 Rb3 1/2-1/2

[Event "Hebraica op 30th"]
[Site "Hebraica"]
[Date "2023.02.11"]
[Round "5"]
[White "Marmilli, Matheus Bellentani"]
[Black "Bolsoni, Danilo Segateli"]
[Result "0-1"]
[WhiteElo "1820"]
[BlackElo "1651"]
[PlyCount "58"]
[EventDate "2023.02.10"]
[EventType "swiss"]
[EventRounds "7"]
[EventCountry "BRA"]
[SourceTitle "CBM 212 Extra"]
[Source "ChessBase"]
[SourceDate "2023.03.31"]
[SourceVersion "1"]
[SourceVersionDate "2023.03.31"]
[SourceQuality "1"]

1. d4 Nf6 2. c4 e6 3. Nc3 d5 4. Nf3 Nbd7 5. Bf4 Bb4 6. a3 Bxc3+ 7. bxc3 dxc4 8. Qc2 b5 9. e4 Bb7 10. e5 Be4 11. Qd1 Nd5 12. Bd2 N7b6 13. h4 h6 14. a4 c6 15. Be2 0-0 16. g4 f5 17. g5 h5 18. Rg1 g6 19. Nh2 Qe8 20. Nf1 f4 21. f3 Bf5 22. axb5 cxb5 23. Qc1 a5 24. Bxf4 Nxf4 25. Qxf4 Bd3 26. Qd2 Bxe2 27. Kxe2 Nd5 28. Ne3 Nf4+ 29. Kf1 Qc6 0-1

[Event "Hebraica op 30th"]
[Site "Hebraica"]
[Date "2023.02.11"]
[Round "4"]
[White "Yokomizo, Wilton"]
[Black "Marmilli, Matheus Bellentani"]
[Result "1/2-1/2"]
[WhiteElo "1422"]
[BlackElo "1820"]
[PlyCount "78"]
[EventDate "2023.02.10"]
[EventType "swiss"]
[EventRounds "7"]
[EventCountry "BRA"]
[SourceTitle "CBM 212 Extra"]
[Source "ChessBase"]
[SourceDate "2023.03.31"]
[SourceVersion "1"]
[SourceVersionDate "2023.03.31"]
[SourceQuality "1"]

1. f4 d5 2. Nf3 g6 3. g3 Bg7 4. c3 c5 5. Bg2 Nc6 6. 0-0 Nf6 7. d3 b6 8. Kh1 Bb7 9. Be3 0-0 10. Na3 Re8 11. Bg1 a6 12. Ne5 Nxe5 13. fxe5 Ng4 14. d4 Bh6 15. Qd3 Bg7 16. Qf3 Nh6 17. Be3 Rf8 18. Nc4 b5 19. Nd2 cxd4 20. cxd4 e6 21. Nb3 Nf5 22. Bd2 a5 23. g4 Nh4 24. Qh3 Nxg2 25. Kxg2 b4 26. Nc5 Ba6 27. Rf2 Qb6 28. Bh6 Rac8 29. Bxg7 Kxg7 30. Nd7 Qxd4 31. Nf6 h6 32. Qg3 Qxb2 33. Raf1 Rc3 34. Qf4 Rc7 35. g5 hxg5 36. Qxg5 Bb5 37. Nh5+ Kh7 38. Nf6+ Kg7 39. Nh5+ Kh7 1/2-1/2

[Event "BRA Amateur-ch U1400"]
[Site "Sao Paulo"]
[Date "2022.11.05"]
[Round "5"]
[White "Marmilli, Matheus Bellentani"]
[Black "E Silva, Pedro Caserta Lapen"]
[Result "1/2-1/2"]
[WhiteElo "1812"]
[BlackElo "1800"]
[PlyCount "102"]
[EventDate "2022.11.03"]
[EventType "swiss"]
[EventRounds "7"]
[EventCountry "BRA"]
[SourceTitle "CBM 211 Extra"]
[Source "ChessBase"]
[SourceDate "2023.01.31"]
[SourceVersion "1"]
[SourceVersionDate "2023.01.31"]
[SourceQuality "1"]

1. d4 d5 2. c4 e6 3. Nc3 Nf6 4. Bg5 Bb4 5. a3 Bxc3+ 6. bxc3 c6 7. cxd5 cxd5 8. e3 Nbd7 9. Nf3 Qc7 10. Rc1 0-0 11. Be2 b6 12. 0-0 Bb7 13. c4 Qd6 14. c5 bxc5 15. dxc5 Nxc5 16. Bxf6 gxf6 17. Qd4 Ne4 18. Nd2 Nxd2 19. Qxd2 Qxa3 20. Qd4 Qe7 21. Qh4 e5 22. Bg4 Bc8 23. Rxc8 Rfxc8 24. Bf5 Qc7 25. Qxh7+ Kf8 26. Qh8+ Ke7 27. Bxc8 Rxc8 28. Qh7 Qc2 29. Qxc2 Rxc2 30. Ra1 Rc7 31. h4 d4 32. Kf1 d3 33. Ke1 e4 34. g4 Kf8 35. Ra4 Re7 36. Kd2 Kg7 37. f4 exf3 38. Rf4 Rd7 39. Rxf3 Kg6 40. Rf4 a5 41. Ra4 f5 42. Rxa5 fxg4 43. Rg5+ Kh6 44. Rxg4 Kh5 45. Rd4 Re7 46. Kxd3 f5 47. Ke2 Re4 48. Rxe4 fxe4 49. Kd2 Kxh4 50. Kc3 Kg3 51. Kc4 Kg4 1/2-1/2